Macroeconomics principles,applications,and tools (Record no. 2976)
[ view plain ]
| 000 -LEADER | |
|---|---|
| fixed length control field | 00739nam a22001697a 4500 |
| 020 ## - INTERNATIONAL STANDARD BOOK NUMBER | |
| International Standard Book Number | 9789332536609 |
| 082 ## - DEWEY DECIMAL CLASSIFICATION NUMBER | |
| Classification number | 339 |
| 100 ## - MAIN ENTRY--PERSONAL NAME | |
| Personal name | Arthur O,Sullivan |
| 245 ## - TITLE STATEMENT | |
| Title | Macroeconomics principles,applications,and tools |
| 250 ## - EDITION STATEMENT | |
| Edition statement | 8th ed. |
| 260 ## - PUBLICATION, DISTRIBUTION, ETC. | |
| Place of publication, distribution, etc. | India |
| Name of publisher, distributor, etc. | Dorling Kinderseley |
| Date of publication, distribution, etc. | 2014 |
| 300 ## - PHYSICAL DESCRIPTION | |
| Extent | 380p |
| 942 ## - ADDED ENTRY ELEMENTS (KOHA) | |
| Koha item type | Book |
| Withdrawn status | Lost status | Damaged status | Not for loan | Collection code | Permanent Location | Current Location | Shelving location | Date acquired | Total Checkouts | Full call number | Barcode | Date last seen | Price effective from | Koha item type | Source of classification or shelving scheme | Total Renewals |
|---|---|---|---|---|---|---|---|---|---|---|---|---|---|---|---|---|
| Central Library (CL) | Central Library (CL) | General Stacks | 03/30/2016 | 339 SUL | S3H-S-712 | 03/30/2016 | 03/30/2016 | Book | ||||||||
| Central Library (CL) | Central Library (CL) | General Stacks | 03/30/2016 | 339 SUL | S3H-S-713 | 03/30/2016 | 03/30/2016 | Book | ||||||||
| Central Library (CL) | Central Library (CL) | General Stacks | 02/24/2017 | 339 SUL | S3H-S-529 | 11/18/2020 | 02/24/2017 | Book | 3 |
